000 00697nam a22002297a 4500
003 BJBSDDR
005 20260417132812.0
007 ta
008 260417s1988 nyu||||| |||| 00| 0 eng d
020 _a9780517570081
020 _a0517570084
040 _bspa
_cBJBSDDR
041 _aeng
050 _bW581 1988
100 1 _aWhitcomb, Cynthia
_947996
245 1 0 _aSelling your screenplay /
_cCynthia Whitcomb
260 _aNew York :
_bCrown Publishers,
_c1988
300 _a xiii, 208 pages ;
_b 21 cm
520 _aTells how to submit a manuscript, get constructive feedback, follow the screenplay format, and deal with agents and producers
942 _2lcc
_n0
_cBK
946 _icmc
999 _c126838
_d126838